000 00777nam a2200205Ia 4500
005 20260121110343.0
008 008 260114s9999 xx 000 0 hin d
020 _a9788132361220
037 _aEBOOK
040 _aCRL
_bhin
_cCRL
041 _ahin
_2hin
084 _qCRL
100 _aबलवंत सिंह / Sudhir Rana
_9945144
245 0 _aखेल के क्षेत्रा में महिलाओं की भागीदारी एवं उपलब्धियाँ / Khel ke kshetra mein mahilaon ki bhagidari aur uplabdhiyan
260 _bभाषा प्रकाशन / Bhasha Prakashan
_c2021
856 _uhttps://bhashaprakashan.com/product-details/379073
942 _cEBOOK
999 _c1536808
_d1536808